000
00257nam a22001097a 4500
008
160426b xxu||||| |||| 00| 0 eng d
020
_a
0316707937
041
_a
eng
080
_a
618.2
245
_a
Child health nursing:
_c
Adele Pillitteri;
942
_2
udc
_c
BK
999
_c
1613
_d
1613